The psychoanalytic movement : the cunning of unreason
Αποθηκεύτηκε σε:
| Κύριος συγγραφέας: | |
|---|---|
| Μορφή: | Βιβλίο |
| Γλώσσα: | English |
| Δημοσίευση: |
London :
Fontana,
1993
|
| Έκδοση: | 2nd ed. |
| Σειρά: | Fontana movements and ideas
|
| Θέματα: | |
| Ετικέτες: |
Προσθήκη ετικέτας
Δεν υπάρχουν, Καταχωρήστε ετικέτα πρώτοι!
|
MARC
| LEADER | 00000nam a2200000 i 4500 | ||
|---|---|---|---|
| 001 | 1/99264 | ||
| 008 | 950327s1993 eng d | ||
| 020 | |a 0-00-686300-0 | ||
| 035 | |l 10011239 | ||
| 040 | |a GR-MY-UA |b gre |e aacr | ||
| 041 | 0 | |a eng | |
| 082 | 0 | |a 150.1950922 | |
| 100 | 1 | |a Gellner, Ernest. | |
| 245 | 1 | 4 | |a The psychoanalytic movement : |b the cunning of unreason / |c Ernest Gellner |
| 250 | |a 2nd ed. | ||
| 260 | |a London : |b Fontana, |c 1993 | ||
| 300 | |a xviii, 241 σ.; |b εικ.; |c 20 εκ. | ||
| 490 | 1 | |a Fontana movements and ideas | |
| 504 | |a Περιέχει βιβλιογραφικές παραπομπές (σ. 232-233) και ευρετήριο | ||
| 600 | 1 | 0 | |a Freud, Sigmund, |d 1856-1939. |
| 650 | 0 | 0 | |a Psychoanalysis |x History. |
| 650 | 0 | 0 | |a Philosophy. |
| 650 | 0 | 0 | |a Psychoanalysis. |
| 830 | 0 | |a Fontana movements and ideas | |
| 852 | |a INST |b LESVOS |e 19950327 |h 150.1950922 GEL |p 005100002013 |q 005100002013 |t BK |y 0 | ||
| 909 | |a Λ |b 036299 | ||
| 922 | |a 1ΔΩΡ |b 199308 |c ΤΚΑ | ||